000 00364nam a2200121Ia 4500
008 220120s9999||||xx |||||||||||||| ||und||
020 _a9788120337312
100 _aLipschutz, Seymour Lipson, Marc Lars
_9855
245 0 _aDiscreate mathematics
260 _aTata mcgraw hill company Ltd.
_bNew Delhi
_c2006
300 _axvi;808+CD
_b395
650 _aCOMPUTER SCIENCE
999 _c132488
_d132488